| 000 | 00764nam a2200253 i 4500 | ||
|---|---|---|---|
| 001 | 15451 | ||
| 003 | ES-MaACL | ||
| 005 | 20230906151058.0 | ||
| 007 | t| | ||
| 008 | 000314s1998 sp a |||| | spa d | ||
| 020 | _a84-95071-06-1 | ||
| 080 | _a331.105.44(460)(091) | ||
| 245 | 0 | 0 |
_aHistoria de la U.G.T. / _cdirigida por Santiago Castillo. |
| 250 | _a1ª ed. | ||
| 260 |
_aMadrid : _bPublicaciones Unión, _c1998. |
||
| 300 |
_a1 v. : _bil. ; _c24 cm. |
||
| 490 | 1 | _aHistoria social | |
| 505 | 8 |
_aContiene: 1 ; _tHacia la mayoría de edad (1888-1914) / _rSantiago Castillo |
|
| 610 | 2 | 4 |
_aUGT- _vHistoria. _9173653 |
| 700 | 1 |
_aCastillo, Santiago. _936722 |
|
| 830 | 0 |
_aHistoria social _9228576 |
|
| 852 |
_aES-MaACL _jP-1956 |
||
| 999 |
_c15451 _d15451 |
||